[Event "Najdorf Festival op"]
[Site "Buenos Aires"]
[Date "1998.10.25"]
[Round "2"]
[White "Fiorito, Fabian"]
[Black "Iglesias, Alejandro"]
[Result "1/2-1/2"]
[WhiteElo "2425"]
[BlackElo "2235"]
[PlyCount "82"]
[EventDate "1998.10.??"]
[EventType "swiss"]
[EventRounds "9"]
[EventCountry "ARG"]
[SourceTitle "EXT 2002"]
[Source "ChessBase"]
[SourceDate "2001.11.25"]
[SourceVersion "1"]
[SourceVersionDate "2001.11.25"]
[SourceQuality "1"]

1. e4 c5 2. Nf3 d6 3. Bb5+ Bd7 4. Bxd7+ Nxd7 5. 0-0 Ngf6 6. Qe2 Rc8 7. b3 g6 8. Bb2 Bg7 9. c4 e5 10. Nc3 0-0 11. Ne1 Nb8 12. Nc2 Nc6 13. Ne3 a6 14. d3 Nd4 15. Qd1 Nh5 16. g3 Qe8 17. Ncd5 f5 18. exf5 gxf5 19. f4 exf4 20. gxf4 Qg6+ 21. Kh1 Rce8 22. Bxd4 cxd4 23. Ng2 Nf6 24. Nxf6+ Bxf6 25. Qf3 Qf7 26. Rae1 Kg7 27. Rxe8 Rxe8 28. Re1 Kf8 29. Rxe8+ Kxe8 30. Kg1 Kd8 31. Qf1 Ke7 32. Ne1 d5 33. Nc2 dxc4 34. bxc4 Kd6 35. Nb4 Kc5 36. Nd5 b5 37. Qe2 bxc4 38. dxc4 Bd8 39. Qb2 Qh5 40. Qb4+ Kc6 41. Qa4+ Kc5 1/2-1/2

[Event "Najdorf Festival op"]
[Site "Buenos Aires"]
[Date "1998.10.25"]
[Round "3"]
[White "Iglesias, Alejandro"]
[Black "Szmetan, Jorge"]
[Result "1/2-1/2"]
[WhiteElo "2235"]
[BlackElo "2405"]
[PlyCount "50"]
[EventDate "1998.10.??"]
[EventType "swiss"]
[EventRounds "9"]
[EventCountry "ARG"]
[SourceTitle "EXT 2002"]
[Source "ChessBase"]
[SourceDate "2001.11.25"]
[SourceVersion "1"]
[SourceVersionDate "2001.11.25"]
[SourceQuality "1"]

1. c4 c5 2. Nc3 Nf6 3. g3 e6 4. Nf3 b6 5. Bg2 Bb7 6. 0-0 Be7 7. Re1 d5 8. cxd5 Nxd5 9. e4 Nb4 10. d4 cxd4 11. Nxd4 N8c6 12. Nxc6 Qxd1 13. Rxd1 Bxc6 14. Bf4 g5 15. Bd6 Bxd6 16. Rxd6 Rd8 17. Rxd8+ Kxd8 18. a3 Na6 19. b4 Nc7 20. f4 gxf4 21. gxf4 Kc8 22. Kf2 Rg8 23. Bf3 Rg6 24. Rc1 Kd7 25. Ne2 Bb7 1/2-1/2

[Event "Mar del Plata op"]
[Site "Mar del Plata"]
[Date "1997.??.??"]
[Round "7"]
[White "Spangenberg, Hugo"]
[Black "Iglesias, Alejandro"]
[Result "1-0"]
[WhiteElo "2550"]
[BlackElo "2225"]
[PlyCount "69"]
[EventDate "1997.03.??"]
[EventType "swiss"]
[EventRounds "9"]
[EventCountry "ARG"]
[SourceTitle "EXT 1998"]
[Source "ChessBase"]
[SourceDate "1997.11.17"]
[SourceVersion "1"]
[SourceVersionDate "1997.11.17"]
[SourceQuality "1"]

1. e4 c5 2. Nf3 d6 3. d4 Nf6 4. Nc3 cxd4 5. Nxd4 g6 6. g3 Nc6 7. Nde2 Bg7 8. Bg2 0-0 9. 0-0 Rb8 10. a4 Nd7 11. Nd5 b6 12. Rb1 Nc5 13. b4 Ne6 14. f4 Ned4 15. Nxd4 Nxd4 16. Be3 Nc6 17. Qd3 e6 18. Nc3 d5 19. exd5 exd5 20. Nxd5 Bf5 21. Qd2 Re8 22. Rbd1 Qc8 23. c4 Be4 24. Rfe1 Qf5 25. Bf2 Bxg2 26. Kxg2 Kh8 27. Qd3 Qc8 28. Rxe8+ Qxe8 29. Re1 Qf8 30. c5 bxc5 31. Bxc5 Qc8 32. Bd6 Ra8 33. Nc7 Qb7 34. Nxa8 Ne5+ 35. Qe4 1-0

[Event "ARG-ch sf"]
[Site "Chaco"]
[Date "1996.??.??"]
[Round "?"]
[White "Iglesias, Alejandro"]
[Black "Mendez, Ernesto"]
[Result "0-1"]
[WhiteElo "2210"]
[BlackElo "2390"]
[PlyCount "56"]
[EventDate "1996.??.??"]
[EventType "swiss"]
[EventRounds "7"]
[EventCountry "ARG"]
[SourceTitle "EXT 1999"]
[Source "ChessBase"]
[SourceDate "1998.11.16"]
[SourceVersion "1"]
[SourceVersionDate "1998.11.16"]
[SourceQuality "1"]

1. d4 d5 2. c4 Nc6 3. Nc3 e5 4. cxd5 Nxd4 5. e3 Nf5 6. Nf3 Bd6 7. Bb5+ Kf8 8. Be2 g6 9. b3 Nh4 10. Nxh4 Qxh4 11. Bb2 a6 12. g3 Qe7 13. h4 h5 14. Rc1 f5 15. a4 Nf6 16. Rc2 Bd7 17. f3 Rh7 18. Kf1 Re8 19. Qd2 Kg8 20. Kg2 Rf7 21. e4 Ref8 22. exf5 Bxf5 23. Bd3 e4 24. Re1 exf3+ 25. Kh1 Qd7 26. Bf1 Bxg3 27. Rd1 Bxc2 28. Qxc2 Qg4 0-1

[Event "Trelew Clarin-GP"]
[Site "Trelew"]
[Date "1995.??.??"]
[Round "6"]
[White "Giaccio, Alfredo Gustavo"]
[Black "Iglesias, Alejandro"]
[Result "1-0"]
[WhiteElo "2410"]
[BlackElo "2225"]
[PlyCount "107"]
[EventDate "1995.??.??"]
[EventType "swiss"]
[EventRounds "9"]
[EventCountry "ARG"]
[SourceTitle "EXT 1997"]
[Source "ChessBase"]
[SourceDate "1996.11.15"]
[SourceVersion "1"]
[SourceVersionDate "1996.11.15"]
[SourceQuality "1"]

1. e4 d6 2. d4 g6 3. Nc3 Bg7 4. f4 c6 5. Nf3 Bg4 6. Be3 Qb6 7. Qd2 f5 8. exf5 Bxf3 9. gxf3 gxf5 10. Rg1 Bf6 11. 0-0-0 Qa5 12. Bc4 d5 13. Nxd5 Qxd2+ 14. Rxd2 cxd5 15. Bxd5 Nc6 16. Bxg8 Kd7 17. Bb3 Na5 18. Ba4+ Kd6 19. Bb5 Rac8 20. b3 a6 21. Bd3 Rc3 22. Kb2 Rhc8 23. Bxf5 Rxe3 24. Bxc8 Rxf3 25. f5 Kc7 26. Be6 b5 27. c3 Nc6 28. b4 Kd6 29. Re2 Nxb4 30. Rg3 Rxg3 31. hxg3 Nc6 32. a3 a5 33. Rh2 b4 34. axb4 axb4 35. cxb4 Nxb4 36. Kb3 Nc6 37. d5 Nd4+ 38. Kc4 Nf3 39. Rxh7 Ng5 40. Rh1 Ke5 41. Re1+ Kd6 42. Kd3 Nf3 43. Re3 Ng5 44. Kd2 Bd4 45. Re2 Be5 46. Rg2 Ne4+ 47. Ke3 Nxg3 48. Rc2 Bf6 49. Kf4 Nh5+ 50. Ke4 Ng3+ 51. Kf3 Nh5 52. Bf7 Ng7 53. Ke4 Bh4 54. Be6 1-0

[Event "Buenos Aires Clarin op"]
[Site "Buenos Aires"]
[Date "1995.??.??"]
[Round "1"]
[White "Iglesias, Alejandro"]
[Black "Spangenberg, Hugo"]
[Result "1-0"]
[WhiteElo "2200"]
[BlackElo "2500"]
[PlyCount "63"]
[EventDate "1995.05.??"]
[EventType "swiss"]
[EventRounds "9"]
[EventCountry "ARG"]
[SourceTitle "CBM 046 Extra"]
[Source "ChessBase"]
[SourceDate "1995.07.01"]
[SourceVersion "1"]
[SourceVersionDate "1995.07.01"]
[SourceQuality "1"]

1. e4 c5 2. Nf3 e6 3. d4 cxd4 4. Nxd4 a6 5. Nc3 Qc7 6. Bd3 g6 7. 0-0 Bg7 8. Nb3 Nf6 9. f4 d6 10. Qe1 0-0 11. Qh4 Nbd7 12. Bd2 b5 13. a3 Bb7 14. Rae1 d5 15. e5 Ne4 16. Nxe4 dxe4 17. Bxe4 Bxe4 18. Rxe4 Qxc2 19. Re3 Rfc8 20. Rh3 h5 21. g4 a5 22. gxh5 a4 23. hxg6 fxg6 24. f5 gxf5 25. Qh7+ Kf7 26. Rg3 Rg8 27. Qg6+ Ke7 28. Bb4+ Kd8 29. Nd4 Qe4 30. Nxe6+ Kc8 31. Rc1+ Kb8 32. Qf7 1-0

[Event "Buenos Aires Clarin op"]
[Site "Buenos Aires"]
[Date "1995.??.??"]
[Round "8"]
[White "Slipak, Sergio"]
[Black "Iglesias, Alejandro"]
[Result "1-0"]
[WhiteElo "2450"]
[BlackElo "2200"]
[PlyCount "53"]
[EventDate "1995.05.??"]
[EventType "swiss"]
[EventRounds "9"]
[EventCountry "ARG"]
[SourceTitle "CBM 046 Extra"]
[Source "ChessBase"]
[SourceDate "1995.07.01"]
[SourceVersion "1"]
[SourceVersionDate "1995.07.01"]
[SourceQuality "1"]

1. d4 d6 2. c4 g6 3. Nc3 Bg7 4. e4 Nc6 5. Be3 e5 6. d5 Nce7 7. g4 f6 8. h4 Nh6 9. g5 Nf7 10. gxf6 Bxf6 11. Qd2 c5 12. 0-0-0 a6 13. Nf3 h6 14. Bh3 b5 15. Be6 bxc4 16. Rdg1 h5 17. Ng5 Nxg5 18. Bxg5 Ng8 19. f4 Bxg5 20. Rxg5 Qf6 21. fxe5 dxe5 22. Qg2 Qf4+ 23. Kb1 Bxe6 24. dxe6 0-0-0 25. Nd5 Rxd5 26. exd5 c3 27. d6 1-0

[Event "Lomas de Zamora op"]
[Site "Lomas de Zamora"]
[Date "1995.??.??"]
[Round "7"]
[White "Szmetan, Jorge"]
[Black "Iglesias, Alejandro"]
[Result "0-1"]
[WhiteElo "2435"]
[BlackElo "2200"]
[PlyCount "74"]
[EventDate "1995.??.??"]
[EventType "swiss"]
[EventRounds "9"]
[EventCountry "ARG"]
[SourceTitle "EXT 2004"]
[Source "ChessBase"]
[SourceDate "2003.11.25"]
[SourceVersion "1"]
[SourceVersionDate "2003.11.25"]
[SourceQuality "1"]

1. Nf3 d6 2. e4 Nf6 3. Nc3 c5 4. d4 cxd4 5. Nxd4 g6 6. f4 Nbd7 7. Bc4 Bg7 8. Nf3 0-0 9. 0-0 b5 10. Bd3 b4 11. Ne2 Nc5 12. Ng3 Bb7 13. Qe2 e6 14. e5 dxe5 15. Nxe5 Nxd3 16. Nxd3 h5 17. Be3 h4 18. Nh1 h3 19. gxh3 Rc8 20. Ng3 Nd5 21. Bxa7 Rc4 22. b3 Nc3 23. Qf2 Rd4 24. a3 bxa3 25. Qd2 Nb5 26. Bc5 Qd5 27. b4 Rc8 28. Rf2 Rxc5 29. bxc5 Re4 30. Ne5 Rxe5 31. fxe5 Qxe5 32. Qd8+ Bf8 33. Raf1 Qxc5 34. Qd7 Nd6 35. Rd1 a2 36. Rxd6 a1Q+ 37. Rd1 Qf6 0-1

[Event "Buenos Aires GP1"]
[Site "Buenos Aires"]
[Date "1994.??.??"]
[Round "2"]
[White "Iglesias, Alejandro"]
[Black "Lopepe, Pedro Antonio"]
[Result "1-0"]
[WhiteElo "2205"]
[BlackElo "2466"]
[PlyCount "37"]
[EventDate "1994.??.??"]
[EventType "swiss"]
[EventRounds "9"]
[EventCountry "ARG"]
[SourceTitle "EXT 1998"]
[Source "ChessBase"]
[SourceDate "1997.11.17"]
[SourceVersion "1"]
[SourceVersionDate "1997.11.17"]
[SourceQuality "1"]

1. c4 e6 2. Nc3 Nf6 3. e4 d5 4. e5 d4 5. exf6 dxc3 6. bxc3 Qxf6 7. d4 c5 8. Nf3 cxd4 9. Bd3 Qd8 10. cxd4 Bb4+ 11. Kf1 0-0 12. h4 Be7 13. Bxh7+ Kxh7 14. Ng5+ Bxg5 15. hxg5+ Kg6 16. Qh5+ Kf5 17. g6+ Ke4 18. Qe5+ Kd3 19. Rh3+ 1-0

[Event "Mar del Plata op"]
[Site "Mar del Plata"]
[Date "1994.??.??"]
[Round "4"]
[White "Iglesias, Alejandro"]
[Black "Vasta, Eduardo"]
[Result "1-0"]
[WhiteElo "2205"]
[BlackElo "2400"]
[PlyCount "90"]
[EventDate "1994.04.??"]
[EventType "swiss"]
[EventRounds "9"]
[EventCountry "ARG"]
[SourceTitle "EXT 1997"]
[Source "ChessBase"]
[SourceDate "1996.11.15"]
[SourceVersion "1"]
[SourceVersionDate "1996.11.15"]
[SourceQuality "1"]

1. c4 e5 2. g3 Nf6 3. Bg2 Bc5 4. Nc3 Nc6 5. a3 d6 6. d3 0-0 7. Nf3 h6 8. 0-0 Be6 9. b4 Bb6 10. Bb2 e4 11. Nxe4 Nxe4 12. dxe4 Bxc4 13. Qc2 Be6 14. Rad1 Qe8 15. e3 f6 16. Nd4 Bg4 17. Rc1 Bd7 18. Rfe1 a5 19. b5 Nd8 20. a4 Rc8 21. Qd2 Ra8 22. Ba3 Ne6 23. Nb3 Ng5 24. h4 Nxe4 25. Qd5+ Be6 26. Qxe4 Bxb3 27. Qb1 Qf7 28. Bxb7 Rab8 29. Bc6 f5 30. Rc3 Be6 31. Qd3 Kh8 32. Bg2 Rbd8 33. Kh1 Bd7 34. Rcc1 Qh5 35. Bb2 Be6 36. Red1 Qg4 37. Qc2 Rf7 38. Bd4 Bxd4 39. Rxd4 Qh5 40. Qd2 Rdf8 41. Qxa5 g5 42. Qxc7 f4 43. gxf4 gxh4 44. Qc3 Rg7 45. Rd3 Bf5 1-0

[Event "Mar del Plata op"]
[Site "Mar del Plata"]
[Date "1994.??.??"]
[Round "5"]
[White "Sunye Neto, Jaime"]
[Black "Iglesias, Alejandro"]
[Result "1-0"]
[WhiteElo "2530"]
[BlackElo "2205"]
[PlyCount "55"]
[EventDate "1994.04.??"]
[EventType "swiss"]
[EventRounds "9"]
[EventCountry "ARG"]
[SourceTitle "EXT 1997"]
[Source "ChessBase"]
[SourceDate "1996.11.15"]
[SourceVersion "1"]
[SourceVersionDate "1996.11.15"]
[SourceQuality "1"]

1. c4 g6 2. Nc3 Bg7 3. d4 d6 4. e4 Nf6 5. Be2 0-0 6. Bg5 h6 7. Be3 Nfd7 8. Qd2 Kh7 9. h4 e5 10. h5 g5 11. d5 c6 12. Bg4 Nb6 13. Bxc8 Qxc8 14. b3 cxd5 15. cxd5 Na6 16. Nge2 Qd7 17. 0-0 Rac8 18. Ng3 Nc5 19. Rfb1 Bf6 20. a4 a5 21. Nb5 Bd8 22. Ra2 Na8 23. Bxc5 dxc5 24. Rc2 g4 25. Nf5 Bg5 26. Qxa5 Rg8 27. Nbd6 Rb8 28. Qb5 1-0

[Event "Mar del Plata op"]
[Site "Mar del Plata"]
[Date "1992.??.??"]
[Round "3"]
[White "Giardelli, Sergio Carlos"]
[Black "Iglesias, Alejandro"]
[Result "1-0"]
[WhiteElo "2430"]
[BlackElo "2265"]
[PlyCount "61"]
[EventDate "1992.??.??"]
[EventType "swiss"]
[EventRounds "9"]
[EventCountry "ARG"]
[SourceTitle "EXT 1998"]
[Source "ChessBase"]
[SourceDate "1997.11.17"]
[SourceVersion "1"]
[SourceVersionDate "1997.11.17"]
[SourceQuality "1"]

1. c4 e5 2. Nc3 Nc6 3. g3 f5 4. Bg2 Nf6 5. a3 Be7 6. b4 0-0 7. d3 Qe8 8. Nd5 Bd8 9. Nf3 d6 10. 0-0 h6 11. Bb2 Nxd5 12. cxd5 Ne7 13. Nd2 f4 14. d4 exd4 15. Nb3 Nf5 16. Rc1 fxg3 17. hxg3 Bg5 18. Rxc7 Nxg3 19. Bxd4 Nf5 20. Qd3 Qd8 21. Qc4 Qe8 22. e3 Qg6 23. Qd3 Qe8 24. Rfc1 Bd7 25. Rxb7 Bh4 26. f4 Bg3 27. Qe4 Qh5 28. Qf3 Bh2+ 29. Kf1 Qe8 30. Rcc7 Bb5+ 31. Ke1 1-0

[Event "Buenos Aires Konex"]
[Site "Buenos Aires"]
[Date "1991.??.??"]
[Round "6"]
[White "Garcia, Raimundo"]
[Black "Iglesias, Alejandro"]
[Result "1/2-1/2"]
[WhiteElo "2360"]
[BlackElo "2275"]
[PlyCount "55"]
[EventDate "1991.03.??"]
[EventType "swiss"]
[EventRounds "9"]
[EventCountry "ARG"]
[SourceTitle "EXT 2000"]
[Source "ChessBase"]
[SourceDate "1999.11.16"]
[SourceVersion "1"]
[SourceVersionDate "1999.11.16"]
[SourceQuality "1"]

1. c4 c5 2. Nf3 Nc6 3. Nc3 g6 4. e3 Bg7 5. d4 Nf6 6. d5 Nb4 7. a3 Na6 8. e4 d6 9. Be2 0-0 10. Bg5 h6 11. Bf4 Nc7 12. 0-0 a6 13. b4 Nd7 14. Qc1 Kh7 15. b5 axb5 16. cxb5 b6 17. a4 Bb7 18. Ra3 e5 19. dxe6 Nxe6 20. Bxd6 Re8 21. Nd5 Bxd5 22. exd5 Nd4 23. Bc4 Nf6 24. Bf4 Nxd5 25. Nxd4 cxd4 26. Rh3 Nxf4 27. Qxf4 f5 28. Bd3 1/2-1/2

[Event "Buenos Aires Konex"]
[Site "Buenos Aires"]
[Date "1991.??.??"]
[Round "9"]
[White "Iglesias, Alejandro"]
[Black "Djuric, Stefan"]
[Result "0-1"]
[WhiteElo "2275"]
[BlackElo "2540"]
[PlyCount "77"]
[EventDate "1991.03.??"]
[EventType "swiss"]
[EventRounds "9"]
[EventCountry "ARG"]
[SourceTitle "EXT 2000"]
[Source "ChessBase"]
[SourceDate "1999.11.16"]
[SourceVersion "1"]
[SourceVersionDate "1999.11.16"]
[SourceQuality "1"]

1. d4 Nf6 2. c4 g6 3. Nc3 Bg7 4. e4 d6 5. Nge2 e5 6. d5 c5 7. Ng3 h5 8. Be2 a6 9. a4 h4 10. Nf1 Bh6 11. Bxh6 Rxh6 12. Qd2 Rh8 13. Ne3 Nbd7 14. 0-0 Nh5 15. Bxh5 Rxh5 16. a5 Qg5 17. b4 cxb4 18. Ne2 Nc5 19. f4 Qe7 20. Qxb4 Bd7 21. Qb6 Rd8 22. f5 gxf5 23. exf5 Qg5 24. Ra3 Bc8 25. f6 Rh6 26. Qb1 Rxf6 27. Qh7 Rxf1+ 28. Kxf1 Ke7 29. Ng1 Qf6+ 30. Ke1 e4 31. Qh5 Nd3+ 32. Kd2 Qb2+ 33. Nc2 Qc1+ 34. Kc3 Qb1 35. Qxh4+ Kd7 36. Qxe4 Nc5 37. Qf5+ Kc7 38. Qxf7+ Rd7 39. Qf3 0-1

[Event "ARG-ch"]
[Site "San Luis"]
[Date "1990.??.??"]
[Round "8"]
[White "Bertona, Fernando"]
[Black "Iglesias, Alejandro"]
[Result "1-0"]
[WhiteElo "2265"]
[BlackElo "2280"]
[PlyCount "95"]
[EventDate "1990.??.??"]
[EventType "tourn"]
[EventRounds "15"]
[EventCountry "ARG"]
[EventCategory "5"]
[SourceTitle "EXT 1997"]
[Source "ChessBase"]
[SourceDate "1996.11.15"]
[SourceVersion "1"]
[SourceVersionDate "1996.11.15"]
[SourceQuality "1"]

1. e4 c5 2. Nf3 Nc6 3. d4 cxd4 4. Nxd4 Qc7 5. Nc3 e6 6. Be2 a6 7. 0-0 Nf6 8. Be3 Bb4 9. Na4 Rb8 10. c4 Be7 11. Nc3 0-0 12. f4 d6 13. Rc1 Re8 14. Bf3 Bf8 15. Kh1 Ne7 16. Rf2 Ng6 17. b3 Bd7 18. Rd2 Rbc8 19. a4 Nh4 20. Be2 Bc6 21. Nxc6 Qxc6 22. Qe1 Ng6 23. Bf3 Qc7 24. Rcd1 d5 25. e5 Bb4 26. Rd4 Ne4 27. Nxd5 Bxe1 28. Nxc7 Rxc7 29. Bxe4 Bb4 30. Rd7 Rxd7 31. Rxd7 b6 32. Bxg6 hxg6 33. Bxb6 f6 34. Bd4 f5 35. Bb6 g5 36. fxg5 Bc3 37. Bc7 Rc8 38. c5 a5 39. g3 Kh7 40. Kg2 Kg6 41. h4 Kh5 42. Kf3 Kg6 43. Bd6 Bb4 44. Rc7 Rd8 45. Re7 Rc8 46. Rxe6+ Kh7 47. Re7 Bxc5 48. Rc7 1-0

[Event "Mar del Plata op"]
[Site "Mar del Plata"]
[Date "1990.??.??"]
[Round "8"]
[White "Dezan, Pierre"]
[Black "Iglesias, Alejandro"]
[Result "0-1"]
[WhiteElo "2225"]
[BlackElo "2280"]
[PlyCount "76"]
[EventDate "1990.??.??"]
[EventType "swiss"]
[EventRounds "9"]
[EventCountry "ARG"]
[SourceTitle "EXT 2002"]
[Source "ChessBase"]
[SourceDate "2001.11.25"]
[SourceVersion "1"]
[SourceVersionDate "2001.11.25"]
[SourceQuality "1"]

1. e4 c5 2. Nf3 d6 3. d4 cxd4 4. Nxd4 Nf6 5. Nc3 g6 6. f3 Bg7 7. Be3 0-0 8. Bc4 Nc6 9. Qd2 Qa5 10. 0-0-0 Bd7 11. h4 Ne5 12. Bb3 Rfc8 13. h5 Nxh5 14. g4 Nf6 15. Kb1 b5 16. Nd5 Qxd2 17. Rxd2 Nxd5 18. Bxd5 Rab8 19. Rdh2 e6 20. Bb3 a5 21. a3 a4 22. Ba2 b4 23. axb4 Rxb4 24. c3 Rb7 25. Kc2 a3 26. b3 Rbc7 27. c4 d5 28. exd5 exd5 29. Rxh7 dxc4 30. b4 Ba4+ 31. Kc3 Bb3 32. R7h3 Bxa2 33. Bh6 Bf6 34. g5 Bd8 35. f4 Ng4 36. Bg7 Kxg7 37. Rh8 Bxg5 38. Rxc8 Rxc8 0-1

[Event "Mar del Plata op"]
[Site "Mar del Plata"]
[Date "1990.??.??"]
[Round "?"]
[White "Piza Cortizo, Daniel Ricardo"]
[Black "Iglesias, Alejandro"]
[Result "1-0"]
[WhiteElo "2295"]
[BlackElo "2280"]
[PlyCount "87"]
[EventDate "1990.??.??"]
[EventType "swiss"]
[EventRounds "9"]
[EventCountry "ARG"]
[SourceTitle "EXT 2000"]
[Source "ChessBase"]
[SourceDate "1999.11.16"]
[SourceVersion "1"]
[SourceVersionDate "1999.11.16"]
[SourceQuality "1"]

1. d4 g6 2. e4 Bg7 3. c4 d6 4. Nc3 Nf6 5. f3 0-0 6. Be3 Nc6 7. Nge2 a6 8. h4 h5 9. Nc1 Re8 10. Nb3 Rb8 11. Qd2 Bd7 12. 0-0-0 Kh7 13. Be2 e5 14. d5 Ne7 15. Rdg1 c5 16. g4 b5 17. Bg5 bxc4 18. Bxc4 Rb4 19. Qe2 hxg4 20. h5 gxh5 21. fxg4 Ng6 22. gxh5 Nf4 23. Bxf4 exf4 24. h6 Bh8 25. e5 dxe5 26. Qg2 Ng4 27. Bd3+ Kg8 28. Nxc5 Bc8 29. Ne6 Rxe6 30. Qxg4+ Rg6 31. Qh5 Rg3 32. Rxg3+ fxg3 33. Ne4 Qb6 34. Qg5+ Kf8 35. d6 f6 36. Qxg3 Qc6+ 37. Kb1 Rd4 38. h7 Be6 39. d7 Rd5 40. Rg1 Bg4 41. Qxg4 Rxd7 42. Qg8+ Ke7 43. Qxh8 Rxd3 44. Qg7+ 1-0

[Event "ARG-ch"]
[Site "San Luis"]
[Date "1990.??.??"]
[Round "15"]
[White "Ricardi, Pablo"]
[Black "Iglesias, Alejandro"]
[Result "1-0"]
[WhiteElo "2380"]
[BlackElo "2280"]
[PlyCount "59"]
[EventDate "1990.??.??"]
[EventType "tourn"]
[EventRounds "15"]
[EventCountry "ARG"]
[EventCategory "5"]
[SourceTitle "EXT 1997"]
[Source "ChessBase"]
[SourceDate "1996.11.15"]
[SourceVersion "1"]
[SourceVersionDate "1996.11.15"]
[SourceQuality "1"]

1. d4 d6 2. Nf3 g6 3. c4 Bg7 4. Nc3 Bg4 5. e3 Nc6 6. Be2 e5 7. 0-0 Nh6 8. dxe5 dxe5 9. Qb3 Qc8 10. h3 Bxf3 11. Bxf3 0-0 12. Bd2 Nf5 13. Nd5 Re8 14. Bg4 Qb8 15. Bxf5 gxf5 16. Rad1 Ne7 17. Nxe7+ Rxe7 18. Bb4 Re6 19. Rd7 a5 20. Bc3 b6 21. Qc2 e4 22. Rfd1 Bf8 23. Qe2 Bd6 24. Qh5 Qe8 25. Qg5+ Rg6 26. Qxf5 Qe6 27. Qxe6 Rxe6 28. Rd5 Ra7 29. Bd4 a4 30. Bxb6 1-0

[Event "ARG-ch"]
[Site "San Luis"]
[Date "1990.??.??"]
[Round "11"]
[White "Rubinetti, Jorge Alberto"]
[Black "Iglesias, Alejandro"]
[Result "1-0"]
[WhiteElo "2445"]
[BlackElo "2280"]
[PlyCount "131"]
[EventDate "1990.??.??"]
[EventType "tourn"]
[EventRounds "15"]
[EventCountry "ARG"]
[EventCategory "5"]
[SourceTitle "EXT 1997"]
[Source "ChessBase"]
[SourceDate "1996.11.15"]
[SourceVersion "1"]
[SourceVersionDate "1996.11.15"]
[SourceQuality "1"]

1. d4 Nf6 2. Nf3 g6 3. c4 Bg7 4. Nc3 0-0 5. e4 d6 6. Be2 Bg4 7. Be3 Nfd7 8. Rc1 e5 9. d5 f5 10. h3 Bxf3 11. Bxf3 a5 12. Rb1 Nc5 13. b3 Nbd7 14. a3 Nf6 15. Qc2 Qd7 16. 0-0 b6 17. b4 axb4 18. axb4 Na4 19. Nb5 c6 20. dxc6 Qxc6 21. Ra1 fxe4 22. Bd1 d5 23. Rxa4 Rxa4 24. Qxa4 d4 25. Nxd4 Qxa4 26. Bxa4 exd4 27. Bxd4 Rb8 28. Re1 Kf7 29. Bc6 Bf8 30. b5 Bb4 31. Re2 Ba5 32. Bxe4 Rd8 33. Bb2 Rd1+ 34. Kh2 Bb4 35. Bc2 Rd7 36. g3 Bc5 37. Kg2 Ng8 38. Be4 Ne7 39. h4 Ra7 40. Bc1 Ra1 41. Be3 Bxe3 42. Rxe3 Rc1 43. Bd3 Nc8 44. Bf1 Rc2 45. Ra3 Ke7 46. Ra8 Kd7 47. Kf3 Kc7 48. Bd3 Rc1 49. Ke2 Rg1 50. Kd2 Rh1 51. Be2 h6 52. Bg4 Nd6 53. Kd3 Re1 54. Ra7+ Kb8 55. Rg7 g5 56. hxg5 hxg5 57. Rxg5 Ne4 58. Rg8+ Kc7 59. Rg7+ Kb8 60. Bf3 Nxf2+ 61. Kd2 Re6 62. Bd5 Rh6 63. Ke2 Nh3 64. Kf3 Rf6+ 65. Kg2 Nf2 66. Rf7 1-0